| 000 | 00591cam a2200169 i 4500 | ||
|---|---|---|---|
| 082 |
_a551.48 _bSHA _cL-22, P-44. |
||
| 100 | 1 |
_aArcst james j sharp _940447 |
|
| 245 | 1 | 0 |
_aBasic hydrology _cJames j sharp arcst, peter g sawden |
| 260 |
_aLondon : _bButterworth and co, _cc1984. |
||
| 300 |
_a150 p. _bill. ; _c24 cm. |
||
| 500 | _aFirst-10th ed. published under title: A manual of engineering drawing for students & draftsmen. | ||
| 526 |
_a0 _b0 _c0 _d551_480000000000000_SHA |
||
| 650 | 0 |
_aMCE _9379 |
|
| 650 | 0 | _aMechanical drawing. | |
| 700 | 1 |
_aVierck, Charles J., _93516 |
|
| 942 |
_2ddc _cBK |
||
| 999 |
_c544735 _d544735 |
||